01656nam a2200337 i 4500003000900000005001700009008004100026040004600067041000800113082002600121092000700147099003600154100004800190245009200238264006600330300003200396336002200428337002400450338003300474546011600507650003500623650003100658651001000689856005700699905000700756942001900763999001700782952017300799952017300972952017301145EG-GICUC20260121101511.0251216s1985 ua ||||f |||| 00| 0 ara d a EG-GICUCbarac EG-GICUCd EG-GICUCerda aara04221a343.6bف و . م04221 aLaw1 10 343.6 ف و . م 1985 0 aفوزية عبد الستارeمؤلف.10aمبادئ علم الإجرام والعقاب \c فوزية عبد الستار. 1aالقاهرة :bدار النهضة العربية،c1985. a؛ 447 صفحة c24 سم. 2rda contentatext 2rda mediaaComputer 2rda carrieraOnline Resource aالنص أغلبه باللغة العربية بعض النصوص الإنجليزية والفرنسية14aعلم الإجرام2qrmak14aعلم العقاب2qrmak1 2qrmak40uhttps://fll.law.cu.edu.eg/fulltext/bks/B10-07267.pdf a75 2ddccBKe21n0 c50916d50916 00102ddc40718القانون الجنائيaCUbLAW1d2025-12-16l0oLaw1 10 343.6 ف و . م 1985 1007267 C1pB10-07267r2025-12-16 16:45:23t1w2025-12-16yBK 00102ddc40708القانون الجنائيaCUbLAW1d2025-12-16l0oLaw1 10 343.6 ف و . م 1985 1007268 C2pB10-07268r2025-12-16 16:46:16t2w2025-12-16yBK 00102ddc40718القانون الجنائيaCUbLAW2d2025-12-16l0oLaw2 10 343.6 ف و . م 1985 1007269 C3pB10-07269r2025-12-16 16:47:22t1w2025-12-16yBK